UEFA Euro 2004 Top scorers - Statistics

General Stats
  • This quiz has been taken 30 times
  • The average score is 10 of 16
Answer Stats
Goals Team Player % Correct
2 Portugal Cristiano Ronaldo
96%
2 Sweden Zlatan Ibrahimović
88%
4 Netherlands Ruud van Nistelrooy
83%
2 France Thierry Henry
83%
4 England Wayne Rooney
79%
3 France Zinédine Zidane
79%
5 Czech Republic Milan Baros
75%
2 Czech Republic Jan Koller
71%
3 Greece Aggelos Charisteas
63%
3 England Frank Lampard
63%
3 Sweden Henrik Larsson
63%
3 Denmark Jon Dahl Tomasson
50%
2 Portugal Maniche
50%
2 Italy Antonio Cassano
38%
2 Portugal Rui Costa
38%
2 Czech Republic Marek Heinz
8%
No matching quizzes found
Score Distribution
Percent of People with Each Score
Percentile by Number Answered
Your Score History
You have not taken this quiz